Mixtapes de beatmakers français sorties depuis 2020 - Statistiques

Statistiques générales
  • Ce quiz a été pris 19 fois
  • Le résultat moyen est 4 sur 16
Statistiques - réponses
Nom du projet Beatmaker(s) % Correct
FARSI Amine Farsi
53%
BRUTAL [1,2,3&4] Ikaz Boi
53%
Spooky Season [1&2] Kosei
40%
Oh My God (Vol.1) Richie Beats
40%
Drip Music [1&2] Binks Beatz
33%
200 abel31
27%
Que de l'amour Ghost Killer Track
27%
Coup De Feu Rue De La Paix, REVE MACHINE IDHEM
27%
3050 DEGREEZ : Condamné à l'Excellence FREAKEY
20%
Solide Kyo Itachi
20%
métamorphoses neophron
20%
(Nowhere), ATLAS Twinsmatic
20%
GENESIS amne
13%
LET'S GO PUSH & GIO
13%
S&S, UFONY Meel B
7%
PREMIERE RENCONTRE, 3 band eq Planaway
7%
Aucun quiz correspondant
Distribution des résultats
% des personnes avec chaque résultat
Percentile par nombre de réponses
Votre historique - résultats
Vous n’avez pas pris ce quiz